[Event "GER-ch U14"]
[Site "Willingen"]
[Date "2020.10.23"]
[Round "6"]
[White "Rempe, Jonas"]
[Black "Halabi, Ibrahim"]
[Result "1-0"]
[WhiteElo "1925"]
[BlackElo "1895"]
[PlyCount "57"]
[EventDate "2020.10.19"]
[EventType "swiss"]
[EventRounds "7"]
[EventCountry "GER"]
[SourceTitle "EXT 2022"]
[Source "ChessBase"]
[SourceDate "2021.10.06"]
[SourceVersion "1"]
[SourceVersionDate "2021.10.06"]
[SourceQuality "1"]

1. e4 c5 2. Nf3 d6 3. d4 cxd4 4. Nxd4 Nf6 5. Nc3 a6 6. Bc4 e6 7. Be3 b5 8. Bb3 b4 9. Na4 Nxe4 10. Nxe6 fxe6 11. Nb6 Ra7 12. Nxc8 Rc7 13. Nb6 d5 14. Qh5+ Rf7 15. Ba4+ Ke7 16. 0-0-0 Rf5 17. Qe2 Kf7 18. g4 Rf6 19. f3 Nc5 20. Bxc5 Bxc5 21. Nc4 Bd6 22. Ne3 Bf4 23. Kb1 Qa5 24. Bb3 Qb6 25. Nxd5 exd5 26. Rxd5 Re8 27. Re5+ Ree6 28. Rxe6 Rxe6 29. Re1 1-0

[Event "GER-ch U14"]
[Site "Willingen"]
[Date "2020.10.22"]
[Round "4"]
[White "Albert, Markus1111"]
[Black "Halabi, Ibrahim"]
[Result "1-0"]
[WhiteElo "1727"]
[BlackElo "1895"]
[PlyCount "53"]
[EventDate "2020.10.19"]
[EventType "swiss"]
[EventRounds "7"]
[EventCountry "GER"]
[SourceTitle "EXT 2022"]
[Source "ChessBase"]
[SourceDate "2021.10.06"]
[SourceVersion "1"]
[SourceVersionDate "2021.10.06"]
[SourceQuality "1"]

1. e4 c5 2. Nf3 d6 3. d4 cxd4 4. Nxd4 Nf6 5. Nc3 a6 6. Bg5 e6 7. Qe2 Be7 8. f4 Qc7 9. 0-0-0 Nbd7 10. g4 b5 11. Bg2 Bb7 12. e5 dxe5 13. fxe5 Nd5 14. Bxe7 Nxc3 15. bxc3 Kxe7 16. Bxb7 Qxb7 17. Rhf1 Rac8 18. Qe3 Rhe8 19. Nxe6 Kxe6 20. Qg5 Nxe5 21. Qxg7 Qe7 22. g5 f5 23. Qh6+ Ng6 24. Rfe1+ Kf7 25. Qxh7+ Kf8 26. Rxe7 Nxe7 27. g6 1-0

[Event "GER-chT U14"]
[Site "Magdeburg"]
[Date "2019.12.28"]
[Round "4.4"]
[White "Gallasch, Jonas"]
[Black "Halabi, Ibrahim"]
[Result "1-0"]
[WhiteElo "2107"]
[BlackElo "1918"]
[PlyCount "87"]
[EventDate "2019.12.27"]
[EventType "team-swiss"]
[EventRounds "7"]
[EventCountry "GER"]
[SourceTitle "CBM 194 Extra"]
[Source "ChessBase"]
[SourceDate "2020.03.31"]
[SourceVersion "1"]
[SourceVersionDate "2020.03.31"]
[SourceQuality "1"]
[WhiteTeam "Porz SG"]
[BlackTeam "Frankenthal"]
[WhiteTeamCountry "GER"]
[BlackTeamCountry "GER"]

1. d4 d5 2. c4 c6 3. cxd5 cxd5 4. Nc3 Nf6 5. Bf4 Nc6 6. Nf3 a6 7. Rc1 Bg4 8. e3 e6 9. Qb3 Ra7 10. Be2 Be7 11. 0-0 0-0 12. Na4 Ne4 13. Rfd1 g5 14. Bg3 h5 15. h3 Bf5 16. Qb6 Nxg3 17. fxg3 Qxb6 18. Nxb6 f6 19. Ne1 Bg6 20. Nd3 Bd6 21. g4 Bxd3 22. Bxd3 hxg4 23. hxg4 Rd8 24. Kf2 Bc7 25. Na4 Rd6 26. Rh1 b5 27. Nc5 Bb6 28. Rh6 Bxc5 29. dxc5 Ne5 30. Be2 Rdd7 31. Rch1 Rh7 32. Rxh7 Rxh7 33. Rxh7 Kxh7 34. a4 bxa4 35. Bxa6 Kg7 36. Bb5 Kf8 37. c6 Nf7 38. c7 Nd6 39. Ba6 Ke7 40. c8Q Nxc8 41. Bxc8 Kd6 42. Ke2 e5 43. Kd3 Kc5 44. Kc3 1-0

[Event "GER-chT U14"]
[Site "Magdeburg"]
[Date "2019.12.27"]
[Round "1.3"]
[White "Halabi, Ibrahim"]
[Black "Schubert, Nikita"]
[Result "1/2-1/2"]
[WhiteElo "1918"]
[BlackElo "1914"]
[PlyCount "45"]
[EventDate "2019.12.27"]
[EventType "team-swiss"]
[EventRounds "7"]
[EventCountry "GER"]
[SourceTitle "CBM 194 Extra"]
[Source "ChessBase"]
[SourceDate "2020.03.31"]
[SourceVersion "1"]
[SourceVersionDate "2020.03.31"]
[SourceQuality "1"]
[WhiteTeam "Frankenthal"]
[BlackTeam "Gera"]
[WhiteTeamCountry "GER"]
[BlackTeamCountry "GER"]

1. e4 e5 2. Nf3 Nc6 3. Bc4 Bc5 4. c3 Nf6 5. d4 exd4 6. e5 d5 7. Bb5 Ne4 8. cxd4 Bb6 9. Nc3 0-0 10. Be3 f6 11. Qb3 Nxc3 12. bxc3 Na5 13. Qc2 fxe5 14. Nxe5 Bf5 15. Bd3 Bxd3 16. Qxd3 c6 17. 0-0 Bc7 18. f4 Qe8 19. Rae1 Qh5 20. Bc1 Bd6 21. Re3 Qf5 22. Qe2 Rae8 23. Qf2 1/2-1/2

[Event "Rheinland Pfalz op 11th"]
[Site "Weilerbach"]
[Date "2019.06.22"]
[Round "6"]
[White "Zimmer, Sascha"]
[Black "Halabi, Ibrahim"]
[Result "0-1"]
[WhiteElo "1909"]
[BlackElo "1722"]
[PlyCount "48"]
[EventDate "2019.06.20"]
[EventType "swiss"]
[EventRounds "7"]
[EventCountry "GER"]
[SourceTitle "CBM 191 Extra"]
[Source "ChessBase"]
[SourceDate "2019.09.30"]
[SourceVersion "1"]
[SourceVersionDate "2019.09.30"]
[SourceQuality "1"]

1. d4 d5 2. Bf4 Nf6 3. e3 e6 4. Bd3 c5 5. c3 Nc6 6. Nf3 Bd6 7. Bxd6 Qxd6 8. Nbd2 0-0 9. dxc5 Qxc5 10. Ng5 h6 11. h4 e5 12. e4 d4 13. Rc1 Qe7 14. Ngf3 Rd8 15. cxd4 Nxd4 16. Nxd4 Rxd4 17. Qe2 Bg4 18. f3 Rad8 19. Rc3 Nh5 20. Qe3 Nf4 21. Kf1 Rxd3 22. Rxd3 Rxd3 23. Qe1 Qd8 24. fxg4 Rxd2 0-1

[Event "GER-ch U12"]
[Site "Willingen"]
[Date "2018.05.22"]
[Round "5"]
[White "Halabi, Ibrahim"]
[Black "Hagenbeck Huebert, Ben"]
[Result "1/2-1/2"]
[WhiteElo "1652"]
[BlackElo "1749"]
[PlyCount "150"]
[EventDate "2018.05.19"]
[EventType "swiss"]
[EventRounds "11"]
[EventCountry "GER"]
[SourceTitle "CBM 184 Extra"]
[Source "ChessBase"]
[SourceDate "2018.06.28"]
[SourceVersion "1"]
[SourceVersionDate "2018.06.28"]
[SourceQuality "1"]

1. e4 e5 2. Nf3 Nc6 3. Bc4 Nf6 4. d3 Bc5 5. c3 Bb6 6. Nbd2 d6 7. Bb3 0-0 8. 0-0 Ne7 9. Nc4 h6 10. a4 c6 11. Nxb6 axb6 12. Be3 Ng6 13. h3 Be6 14. Bc2 Qc7 15. d4 Rad8 16. Qc1 Kh8 17. Nh2 Nh7 18. f4 exf4 19. Bxf4 Nxf4 20. Qxf4 Rd7 21. Rae1 d5 22. Qxc7 Rxc7 23. exd5 Bxd5 24. Ng4 Kg8 25. h4 h5 26. Ne3 Be6 27. Bf5 Bxf5 28. Nxf5 Nf6 29. Ne7+ Kh7 30. Re5 Re8 31. Rfe1 Ra8 32. b3 Ra5 33. Rxa5 bxa5 34. Re5 g6 35. c4 Ng4 36. Re1 Kg7 37. d5 Kf8 38. d6 Rd7 39. c5 Nf6 40. Kf2 b6 41. Nxc6 bxc5 42. Nxa5 Rxd6 43. Nc4 Rd3 44. a5 Rxb3 45. a6 Rb4 46. Ra1 Nd5 47. a7 Nc7 48. a8Q+ Nxa8 49. Rxa8+ Ke7 50. Ne3 Rxh4 51. Rc8 Kd6 52. Rd8+ Ke5 53. Rd5+ Ke4 54. Rxc5 Kd3 55. Rd5+ Rd4 56. Kf3 Rxd5 57. Nxd5 Kd4 58. Nf4 Ke5 59. g3 Kf5 60. Nd3 g5 61. Nf2 Ke5 62. Nd3+ Kd4 63. Nf2 f5 64. Kg2 Ke3 65. Nh3 g4 66. Nf4 Ke4 67. Nxh5 Ke3 68. Nf4 Kd4 69. Kf2 Ke4 70. Ke2 Kd4 71. Kd2 Ke4 72. Ke2 Kd4 73. Kf2 Ke4 74. Ne2 Kd3 75. Nc3 Kd4 1/2-1/2

[Event "GER-ch U12"]
[Site "Willingen"]
[Date "2018.05.20"]
[Round "2"]
[White "Gerdes, Jannes"]
[Black "Halabi, Ibrahim"]
[Result "1/2-1/2"]
[WhiteElo "1492"]
[BlackElo "1652"]
[PlyCount "145"]
[EventDate "2018.05.19"]
[EventType "swiss"]
[EventRounds "11"]
[EventCountry "GER"]
[SourceTitle "CBM 184 Extra"]
[Source "ChessBase"]
[SourceDate "2018.06.28"]
[SourceVersion "1"]
[SourceVersionDate "2018.06.28"]
[SourceQuality "1"]

1. d4 d5 2. c4 c6 3. Nf3 Nf6 4. Nc3 e6 5. g3 Be7 6. Bg2 Nbd7 7. 0-0 0-0 8. Qb3 Nb6 9. c5 Nbd7 10. Na4 b6 11. cxb6 axb6 12. Nd2 b5 13. Nc3 Ba6 14. Re1 Nb6 15. e4 Rc8 16. exd5 Nbxd5 17. Nxd5 Nxd5 18. Ne4 Qb6 19. Nc5 Bxc5 20. dxc5 Qxc5 21. Bd2 Rfd8 22. Rec1 Qe7 23. Ba5 Re8 24. Bd2 Qd7 25. Rd1 Qb7 26. Qc2 Qa8 27. a3 Bb7 28. Be4 Nf6 29. Bd3 h6 30. Qc3 Red8 31. Bxh6 Qa4 32. Bg5 c5 33. Bc2 Rxd1+ 34. Rxd1 Qg4 35. Bxf6 gxf6 36. Qxf6 Bf3 37. Re1 Bd5 38. Re5 Kf8 39. Qh8+ Qg8 40. Rh5 Ke7 41. Qxg8 Rxg8 42. Re5 b4 43. axb4 cxb4 44. h4 Rc8 45. Re2 b3 46. Be4 Bxe4 47. Rxe4 Rc2 48. Rb4 Rxb2 49. g4 Rb1+ 50. Kg2 b2 51. g5 Kf8 52. h5 Kg7 53. Rb5 Kh7 54. Rb6 Kg7 55. Rb3 e5 56. Rb6 e4 57. Rb5 Rc1 58. Rxb2 Rc5 59. Re2 Rxg5+ 60. Kf1 f5 61. f3 exf3 62. Rf2 Rxh5 63. Rxf3 Kf6 64. Kf2 Rh4 65. Kg3 Rg4+ 66. Kh3 Ke5 67. Rf1 Re4 68. Kg3 f4+ 69. Kg4 Ra4 70. Re1+ Kd5 71. Rf1 Ra8 72. Rxf4 Rg8+ 73. Kf3 1/2-1/2

[Event "GER-ch U12"]
[Site "Willingen"]
[Date "2018.05.20"]
[Round "1"]
[White "Halabi, Ibrahim"]
[Black "Eilenberg, Jonas"]
[Result "0-1"]
[WhiteElo "1652"]
[BlackElo "1925"]
[PlyCount "62"]
[EventDate "2018.05.19"]
[EventType "swiss"]
[EventRounds "11"]
[EventCountry "GER"]
[SourceTitle "CBM 184 Extra"]
[Source "ChessBase"]
[SourceDate "2018.06.28"]
[SourceVersion "1"]
[SourceVersionDate "2018.06.28"]
[SourceQuality "1"]

1. e4 e6 2. d4 d5 3. e5 c5 4. c3 Nc6 5. Nf3 Qb6 6. Be2 f6 7. 0-0 fxe5 8. dxe5 Nge7 9. Bd3 g6 10. Re1 Bg7 11. Nbd2 0-0 12. Nf1 c4 13. Bc2 Nxe5 14. Nd4 N5c6 15. Nf3 Bd7 16. Rb1 Qc7 17. Ng3 Kh8 18. h4 e5 19. h5 Bg4 20. Qd2 Bxf3 21. gxf3 d4 22. h6 Bf6 23. Ne4 d3 24. Bd1 Nd5 25. b3 b5 26. Ba3 Nf4 27. Bxf8 Rxf8 28. a4 Qd7 29. Nxf6 Rxf6 30. Re4 Qh3 31. Rxf4 Rxf4 0-1